El proyecto genoma humano : rompiendo el código genético de la vida /

El Proyecto Genoma Humano, constituido en los ochentas e integrado por diversos científicos, tiene como prospectiva poder controlar las enfermedades humanas, el envejecimiento y la muerte, a través del estudio del ADN. En esta obra, el autor expone el proceso de conformación del proyecto y los avanc...

詳細記述

保存先:
書誌詳細
第一著者: Lee, Thomas F. (autor)
フォーマット: 図書
言語:スペイン語
出版事項: Barcelona, España : Gedisa, 2000, c2000
シリーズ:(Límites de la Ciencia ; 31)
主題:
タグ: タグ追加
タグなし, このレコードへの初めてのタグを付けませんか!

MARC

LEADER 00000nam^a2200000^a^4500
001 000258858
005 20250521000000.0
009 20260310110344.712
020 |a 84-7432-507-2 
037 |a Acervo Xavier Clavigero 
041 |a ESP 
082 |a 575. 1  |b LEE 
100 |a Lee, Thomas F.  |e (autor) 
245 1 3 |a El proyecto genoma humano :  |b rompiendo el código genético de la vida /  |c T.F. Lee ; tr por José A. Alvarez. 
264 4 |a Barcelona, España :  |b Gedisa,  |c 2000, c2000 
300 |a 307 p. 
336 |a texto  |b txt  |2 rdacontenido 
337 |a sin mediación  |b n  |2 rdamedio 
338 |a volumen  |b nc  |2 rdasoporte 
440 1 |a (Límites de la Ciencia ;  |v 31) 
500 |a Traducción de: The Human Genoma Project 
520 |a El Proyecto Genoma Humano, constituido en los ochentas e integrado por diversos científicos, tiene como prospectiva poder controlar las enfermedades humanas, el envejecimiento y la muerte, a través del estudio del ADN. En esta obra, el autor expone el proceso de conformación del proyecto y los avances de investigación sobre este ácido desoxirribonucleico, desde su génesis hasta los últimos desciframientos que se han logrado. 
649 |a XX 
650 |a Genoma Humano 
650 |a ADN 
650 |a Células 
650 |a Cromosomas 
650 |a Herencia (Biología) 
650 |a Clonación 
650 |a Genética Humana 
650 |a Bioquímica 
650 |a Ingeniería Genética 
650 |a Genética 
910 |a Fondo General 
920 |a Impresos - Libros 
930 |a Colección General 
905 |a 101 
901 |a 070873  |b IT1  |c ACC  |u 20250521 
902 |a https://opac.biblio.iteso.mx/vufind/Record/000258858